| 000 | 00522nam a2200181Ia 4500 | ||
|---|---|---|---|
| 003 | IN-BaIIA | ||
| 008 | 211028s9999 xx 000 0 eng d | ||
| 040 | _cIIA Library | ||
| 080 |
_a03:535:33 _bKAY |
||
| 100 |
_aKayser, H. _92526 |
||
| 245 | 0 |
_aHandbuch der spectroscopie _bvol. I _cH. Kayser |
|
| 260 |
_aLeipzig _bVerlag Von S. Hirzel _c1900 |
||
| 300 | _axxiv, 781p. | ||
| 650 | _aAstronomy and Astrophysics Thesaurus | ||
| 650 |
_aHandbooks-Spectroscopy _92527 |
||
| 650 |
_aSpectroscopy-Handbook _92528 |
||
| 942 | _cBK | ||
| 999 |
_c1210 _d1210 |
||